000 00373nam a2200133 a 4500
001 000041238
005 20201002034724.0
008 130927s20uu sp b 000 0 spa d
040 _aDO-SdBNP
_bspa
_cBNPHU
082 _axxxx
_bsxxx
245 0 0 _aApéndices y mapas.
260 _a[Madrid] :
_bConsejo superior de Investigaciones,
_c[20uu].
300 _a13 p. :
_bmapa ;
_c30 cm.
999 _c40728
_d40728